000
00308nam a2200133Ia 4500
008
240624s9999 xx 000 0 und d
041
_a
eng
082
_a
658.84 AWA
100
_a
AWAD ELIAS M
245
_a
ELECTRONIC COMMERCE
260
_c
2004
_a
New Delhi
_b
Prentice-Hall
300
_a
xx, : 497
365
_c
RS
999
_c
346
_d
346